Filosofie práva

Bibliographic Details
Main Author: Holländer, Pavel, 1953- (Author)
Format: Book
Language:Czech
PhysicalDescription:421 strán 21 cm
Published: Plzeň Vydavatelství a nakladatelství Aleš Čeněk, s.r.o. 2012
ISBN:9788073803667
Edition:2. rozšířené vydání
Subjects:

MARC

LEADER 00000cam a2200000 4500
001 vtls010427489
003 SK-MaSNL
005 20260301085402.0
008 120604s2012 xr e p 001 0 cze
015 |a SNBZSA2021/05 
020 |a 9788073803667  |q (brožované) 
040 |a SNK  |b slo  |c SNK  |e rda 
041 0 |a cze  |b cze  |b eng 
044 |a xr  |c CZ 
072 7 |a 34  |x Právo  |2 konspekt 
072 7 |a 37.016  |x Učebné osnovy. Vyučovacie predmety. Učebnice  |2 konspekt 
080 |a 340.12  |2 2011 
080 |a (075.8)  |2 2011 
100 1 |a Holländer, Pavel,  |d 1953-  |4 aut  |9 100483 
245 1 0 |a Filosofie práva  |c Pavel Holländer 
250 |a 2. rozšířené vydání 
264 1 |a Plzeň  |b Vydavatelství a nakladatelství Aleš Čeněk, s.r.o.  |c 2012 
300 |a 421 strán  |c 21 cm 
336 |a text  |b txt  |2 rdacontent 
337 |a bez média  |b n  |2 rdamedia 
338 |a zväzok  |b nc  |2 rdacarrier 
500 |a Obsahuje profesijné údaje o autorovi na strane 417 
504 |a Bibliografia na strane 386-416, bibliografické odkazy a register 
546 |a České a anglické resumé 
650 0 7 |a právna filozofia  |2 SNKPH  |9 2683 
650 0 7 |a Philosophy of law  |2 SNKPHeng  |9 325014 
655 7 |a učebnice vysokých škôl  |2 SNKPH  |9 70191 
655 7 |a Textbooks (higher)  |2 SNKPHeng  |9 276436 
852 |a Štátna vedecká knižnica v Banskej Bystrici 
919 |a 978-80-7380-366-7 
958 |a ZS 
958 |a NB 
999 |c 665643  |d 667573 
952 |a SNK  |b SNK  |y PREZ  |7 0  |p 17A1451888  |o snkSC 192320  |i snk2021/3473  |8 4  |g 18.45  |0 0  |1 0  |4 0  |d 2020-08-28  |f 1  |l 0  |r 2025-10-09 00:00:00  |w 2026-02-23